| Поле | Название | Значение |
| |
Тип записи |
a |
| |
Библиографический уровень |
m |
| 001 |
Контрольный номер |
RU/УОНБ/EK_N/605969486 |
| 005 |
Дата корректировки |
20251120121521.0 |
| 010 |
Индекс ISBN |
__ |
| 9 |
Тираж |
13230 экз. |
| 013 |
Номер (ISMN) |
__ |
| d |
Цена |
50 к. |
| 071 |
Издательские номер (звукозапись и ноты) |
21 |
| a |
Номер, присвоенный агентством |
8301 |
| 100 |
Данные общей обработки |
__ |
| a |
Данные общей обработки |
20190315d1988 u y0rusy0189||||ca |
| 101 |
Язык документа |
0_ |
| a |
Язык текста |
rus |
| f |
Язык титульного листа |
rus |
| 102 |
Страна публикации |
__ |
| a |
Страна публикации |
RU |
| 105 |
Кодированные данные (монография) |
__ |
| a |
Кодированные данные (монография) |
y###||||000|y |
| 125 |
Кодированные данные звукозаписи и нотных изданий |
__ |
| a |
Форма изложения нотного текста |
с| |
| 128 |
Кодированные данные (звукозаписи-физические характеристики) |
__ |
| a |
Кодированные данные: Музыкальная форма и тональность или лад |
fm |
| c |
Инструменты или голоса, рекомендуемые для солистов (устаревшее) |
kt|| |
| 200 |
Заглавие и сведения об ответственности |
1_ |
| a |
Заглавие |
Вып. 25 |
| b |
Общее обозначение материала |
Ноты |
| f |
Первые сведения об ответственности |
сост. Ю. Наймушин |
| 210 |
Выходные данные |
1_ |
| d |
Дата издания |
1988 |
| 215 |
Физическое описание |
__ |
| a |
Объем |
31 с. |
| 327 |
Примечание о содержании |
__ |
| a |
Примечание о содержании |
Содерж. : Родина : рус. нар. песня / обраб. И. Шишова. - Ой да ты, калинушка : рус. нар. песня / обраб. А. Новикова. - Что же ты, соловушка : рус. нар. песня / обраб. А. Абрамского. - В темном лесе : рус. нар. песня / обраб. В. Гусева. - В саду девушки гуляли : рус. нар. песня / обраб. Н. Красавина. - Вечор ко мне девица : рус. нар. песня / обраб. А. Сударикова. - Дочки-грибочки : рус. нар. песня / обраб. А. Абрамского. - Не во трубу трубила : рус. нар. песня / обраб. Ю. Грибкова. - Что же ты, соловушек, грустен : рус. нар. песня / обраб. В. Савелова. - Ой, у полi нивка : укр. нар. песня / обраб. В. Бухвостова. - Дударик : укр. нар. песня / обраб. Н. Леонтовича. - С милой я не вижусь : укр. нар. песня / обраб. В. Агеева. - Ой, джигуне, джигуне : укр. нар. песня / обраб. О. Чишко. - Вечарынка : белорус. нар. песня / обраб. В. Кнушевицкого и В. Лебедева. - Ай-я, жу-жу! : латыш. нар. песня / обраб. В. Ефимова. - Лабаялг : эст. нар. песня / обраб. В. Евдокимова. - Гуцулка Ксеня : гуцул. нар. песня / обраб. Л. Шохина. - Пролетела пташка : пол. нар. песня / обраб. Т. Сыгетинского. - Липа вековая ; Посеяли девки лен : рус. нар. песни / обраб. Г. Крейтнера. - Вставала ранешенько : рус. нар. песня ; Добрый мельник : литов. нар. песня / обраб. Т. Томкевич. - Куманечек, побывай у меня ; Волжское страданье : рус. нар. песни / обраб. А. Колосова. - Букурие : молд. нар. танец ; Богатый жених : чеш. нар. песня / обраб. Ю. Наймушина. |
| 461 |
Уровень набора |
_0 |
| 1 |
|
001RU/УОНБ/EK_N/604769480 |
| 1 |
|
200 |
| a |
|
Народные песни и танцы |
| b |
|
Ноты |
| e |
|
в обраб. для баяна |
| v |
|
Вып. 25 |
| 1 |
|
210 |
| a |
|
М. |
| c |
|
Советский композитор |
| d |
|
1974 - |
| 464 |
Аналитический уровень |
_0 |
| 1 |
|
2001 |
| a |
|
Родина |
| e |
|
рус. нар. песня |
| 464 |
Аналитический уровень |
_0 |
| 1 |
|
2001 |
| a |
|
Ой да ты, калинушка |
| e |
|
рус. нар. песня |
| 464 |
Аналитический уровень |
_0 |
| 1 |
|
2001 |
| a |
|
Что же ты, соловушка |
| e |
|
рус. нар. песня |
| 464 |
Аналитический уровень |
_0 |
| 1 |
|
2001 |
| a |
|
В темном лесе |
| e |
|
рус. нар. песня |
| 464 |
Аналитический уровень |
_0 |
| 1 |
|
2001 |
| a |
|
В саду девушки гуляли |
| e |
|
рус. нар. песня |
| 464 |
Аналитический уровень |
_0 |
| 1 |
|
2001 |
| a |
|
Вечор ко мне девица |
| e |
|
рус. нар. песня |
| 1 |
|
702 1 |
| a |
|
Судариков |
| b |
|
А. |
| 4 |
|
030 |
| 464 |
Аналитический уровень |
_0 |
| 1 |
|
2001 |
| a |
|
Дочки-грибочки |
| e |
|
рус. нар. песня |
| 464 |
Аналитический уровень |
_0 |
| 1 |
|
2001 |
| a |
|
Не во трубу трубила |
| e |
|
рус. нар. песня |
| 464 |
Аналитический уровень |
_0 |
| 1 |
|
2001 |
| a |
|
Что же ты, соловушек, грустен |
| e |
|
рус. нар. песня |
| 464 |
Аналитический уровень |
_0 |
| 1 |
|
2001 |
| a |
|
Ой, у полi нивка |
| e |
|
укр. нар. песня |
| 464 |
Аналитический уровень |
_0 |
| 1 |
|
2001 |
| a |
|
Дударик |
| e |
|
укр. нар. песня |
| 464 |
Аналитический уровень |
_0 |
| 1 |
|
2001 |
| a |
|
С милой я не вижусь |
| e |
|
укр. нар. песня |
| 464 |
Аналитический уровень |
_0 |
| 1 |
|
2001 |
| a |
|
Ой, джигуне, джигуне |
| e |
|
укр. нар. песня |
| 464 |
Аналитический уровень |
_0 |
| 1 |
|
2001 |
| a |
|
Вечарынка |
| e |
|
белорус. нар. песня |
| 464 |
Аналитический уровень |
_0 |
| 1 |
|
2001 |
| a |
|
Ай-я, жу-жу! |
| e |
|
латыш. нар. песня |
| 464 |
Аналитический уровень |
_0 |
| 1 |
|
2001 |
| a |
|
Лабаялг |
| e |
|
эст. нар. песня |
| 464 |
Аналитический уровень |
_0 |
| 1 |
|
2001 |
| a |
|
Гуцулка Ксеня |
| e |
|
гуцул. нар. песня |
| 464 |
Аналитический уровень |
_0 |
| 1 |
|
2001 |
| a |
|
Пролетела пташка |
| e |
|
пол. нар. песня |
| 464 |
Аналитический уровень |
_0 |
| 1 |
|
2001 |
| a |
|
Липа вековая |
| e |
|
рус. нар. песня |
| 464 |
Аналитический уровень |
_0 |
| 1 |
|
2001 |
| a |
|
Вставала ранешенько |
| e |
|
рус. нар. песня |
| 464 |
Аналитический уровень |
_0 |
| 1 |
|
2001 |
| a |
|
Куманечек, побывай у меня |
| e |
|
рус. нар. песня |
| 464 |
Аналитический уровень |
_0 |
| 1 |
|
2001 |
| a |
|
Букурие |
| e |
|
молд. нар. танец |
| 464 |
Аналитический уровень |
_0 |
| 1 |
|
2001 |
| a |
|
Посеяли девки лен |
| e |
|
рус. нар. песня |
| 464 |
Аналитический уровень |
_0 |
| 1 |
|
2001 |
| a |
|
Добрый мельник |
| e |
|
литов. нар. песня |
| 464 |
Аналитический уровень |
_0 |
| 1 |
|
2001 |
| a |
|
Волжское страданье |
| e |
|
рус. нар. песня |
| 464 |
Аналитический уровень |
_0 |
| 1 |
|
2001 |
| a |
|
Богатый жених |
| e |
|
чеш. нар. песня |
| 512 |
Заглавие обложки |
1_ |
| a |
Заглавие обложки |
Народные песни и танцы |
| 606 |
Тематические рубрики |
0_ |
| a |
Основная рубрика |
Баян |
| x |
Основная подрубрика |
Народные песни и танцы |
| 610 |
Ключевые слова |
0_ |
| a |
Ключевые слова |
баян |
| 610 |
Ключевые слова |
0_ |
| a |
Ключевые слова |
народные песни |
| 610 |
Ключевые слова |
0_ |
| a |
Ключевые слова |
народные танцы |
| 686 |
Индексы других классификаций |
__ |
| a |
Классификационный индекс |
85.954.6-092я43 |
| 2 |
Код системы |
rubbk |
| 702 |
Вторичная интеллектуальная ответственность |
_1 |
| a |
Фамилия |
Наймушин |
| b |
Имя (инициалы) |
Ю. |
| 4 |
Код отношения |
220 |
| 801 |
Источник записи |
_0 |
| a |
Страна |
RU |
| b |
Организация |
Ульяновская ОНБ |
| c |
Дата составления |
20190315 |
| g |
Правила каталогизации |
RCR |
| 801 |
Источник записи |
_1 |
| a |
Страна |
RU |
| b |
Организация |
Ульяновская ОНБ |
| c |
Дата составления |
20190315 |
| g |
Правила каталогизации |
RCR |
| 901 |
Тип документа |
__ |
| t |
Тип документа |
n |
| w |
Контрольный № источника |
RU/УОНБ/EK_N/604769480 |
| 909 |
Создатель записи |
__ |
| a |
Создатель записи |
Грязнова И. Е. |
| 938 |
Служебная информация |
__ |
| a |
Имя БД |
noti |
| b |
Имя библиотеки |
УОНБ |
| c |
Имя АИБС |
МАРК-SQL |
| d |
Номер DOC_ID в БД |
20251 |